| 000 | 00372nam a2200133Ia 4500 | ||
|---|---|---|---|
| 008 | 220216s9999 xx 000 0 und d | ||
| 100 | _aFarid A S | ||
| 245 | 0 | _aEvaluation of speciality elastomers for sealing applications | |
| 260 |
_bPlastics, Rubber and Composites _c1999 |
||
| 300 | _a346-356 | ||
| 650 | _aElastomers | ||
| 650 | _aSealing applications | ||
| 942 | _cJS | ||
| 999 |
_c59009 _d59009 |
||